| 000 | 00635nam a2200193 i 4500 | ||
|---|---|---|---|
| 001 | 55768 | ||
| 003 | ES-MaACL | ||
| 005 | 20230906163221.0 | ||
| 007 | t| | ||
| 008 | 030926s1965 mx ||||1| spa d | ||
| 100 | 1 |
_aDewey, John. _944039 |
|
| 245 | 1 | 0 |
_aTeoría de la vida moral / _cpor John Dewey ; prefacio de Arnold Isenberg ; [traducción al español de Rafael Castillo Dibildox]. |
| 250 | _a1ª ed. en español. | ||
| 260 |
_aMéxico : _bHerrero Hermanos, _c[1965] |
||
| 300 |
_a213 p. ; _c22 cm. |
||
| 700 | 1 |
_aIsenberg, Arnold. _965553 |
|
| 700 | 1 |
_aCastillo Dibildox, Rafael. _936737 |
|
| 852 |
_aES-MaACL _jC-28880 _bR.58267 |
||
| 999 |
_c55768 _d55768 |
||